| 000 | 00442nam a22001817a 4500 | ||
|---|---|---|---|
| 003 | MPLRDC | ||
| 005 | 20220104154747.0 | ||
| 008 | 210129b ||||| |||| 00| 0 eng d | ||
| 020 | _a7-80179-402-8 | ||
| 082 | _a536.87 JX | ||
| 100 | _a金鑫 | ||
| 245 |
_a杰出犹太人枕边书 _c |
||
| 250 | _a一版一刷 | ||
| 260 |
_a中国 _b中国致公 _c2005 |
||
| 300 | _b310 | ||
| 650 | _a民族志--犹太民族 | ||
| 942 |
_cBK _o536.87 JX |
||
| 999 |
_c54147 _d54137 |
||